| 000 | 00806nam a22002177a 4500 | ||
|---|---|---|---|
| 999 |
_c1353 _d1353 |
||
| 003 | AR-CdUCM | ||
| 008 | 190226b ||||| |||| 00| 0 eng d | ||
| 040 |
_aMUNICIPALIDAD PROVINCIAL DEL CUSCO _cBIBLIOTECA MUNICIPAL DEL CUSCO |
||
| 082 |
_a377.2 / _bM16 |
||
| 100 |
_aMager, Robert F ; Beach, Kenneth M [coautor] _95177 |
||
| 245 |
_aEnseñanza de los oficios en la escuela vocacional / _cMager, Robert F ; Beach, Kenneth M [coautor] |
||
| 260 |
_aMexico: _bCentro Regional de Ayuda Técnica , _c1972. |
||
| 300 |
_a131 paginas : _c21.2 cm. |
||
| 650 |
_aEducacion Tecnica. _95178 |
||
| 650 |
_aTecnisismo. _95179 |
||
| 650 |
_aEducacion Vocacional. _95180 |
||
| 650 |
_aTecnico. _95181 |
||
| 700 |
_aMager, Robert F ; Beach, Kenneth M [coautor] _95177 |
||
| 942 |
_2ddc _cLIBROS |
||
| 945 |
_artm _d2019-02-26 |
||